| 000 | 01939nam a2200421 i 4500 | ||
|---|---|---|---|
| 001 | ebr10858461 | ||
| 003 | CaPaEBR | ||
| 006 | m o d | ||
| 007 | cr cn||||||||| | ||
| 008 | 140129t20142014nyuab ob 001 0 eng|d | ||
| 020 | _z9781118620823 (cloth) | ||
| 020 | _a9781118620816 (e-book) | ||
| 040 |
_aCaPaEBR _beng _erda _epn _cCaPaEBR |
||
| 035 | _a(OCoLC)869552536 | ||
| 050 | 1 | 4 |
_aGB5014 _b.S74 2014eb |
| 082 | 0 | 4 |
_a363.34/6 _223 |
| 100 | 1 |
_aStein, Seth, _eauthor. |
|
| 245 | 1 | 0 |
_aPlaying against nature : _bintegrating science and economics to mitigate natural hazards in an uncertain world / _cSeth Stein and Jerome Stein. |
| 264 | 1 |
_aChichester, West Sussex : _bJohn Wiley & Sons, Inc., _c[2014] |
|
| 264 | 4 | _c�2014 | |
| 300 |
_a1 online resource (298 pages) : _billustrations (chiefly color), maps (chiefly color) |
||
| 336 |
_atext _2rdacontent |
||
| 337 |
_acomputer _2rdamedia |
||
| 338 |
_aonline resource _2rdacarrier |
||
| 504 | _aIncludes bibliographical references and index. | ||
| 588 | _aDescription based on print version record. | ||
| 590 | _aElectronic reproduction. Palo Alto, Calif. : ebrary, 2015. Available via World Wide Web. Access may be limited to ebrary affiliated libraries. | ||
| 650 | 0 | _aHazard mitigation. | |
| 650 | 0 |
_aHazard mitigation _xEconomic aspects. |
|
| 650 | 0 |
_aNatural disasters _xEconomic aspects. |
|
| 650 | 0 |
_aNatural disasters _xRisk assessment. |
|
| 650 | 0 | _aEmergency management. | |
| 655 | 0 | _aElectronic books. | |
| 700 | 1 |
_aStein, Jerome L., _eauthor. |
|
| 776 | 0 | 8 |
_iPrint version: _aStein, Seth. _tPlaying against nature : integrating science and economics to mitigate natural hazards in an uncertain world. _dChichester, West Sussex : John Wiley & Sons, Inc., [2014] _z9781118620823 _w(DLC)10858461 |
| 797 | 2 | _aebrary. | |
| 856 | 4 | 0 |
_uhttp://site.ebrary.com/lib/rucke/Doc?id=10858461 _zAn electronic book accessible through the World Wide Web; click to view |
| 999 |
_c102470 _d102470 |
||